000 00688nam a2200217 i 4500
001 47419
003 ES-MaACL
005 20250620063015.0
007 t|
008 030424s1972 sp ||||1| spa d
080 _a159.922.4(45)
100 1 _aBarzini, Luigi,
_d1908-1984
_9150612
245 1 0 _aDesde César a la Mafia
_b: apuntes sobre la vida italiana /
_cLuigi Barzini ; [traducido por Mª Antonia Menini].
250 _a1ª ed.
260 _aBarcelona :
_bGrijalbo,
_c1972.
300 _a369 p. ;
_c20 cm.
650 1 4 _aItalianos-
_xPsicología.
_913923
700 1 _aMenini, María Antonia.
_980365
852 _aES-MaACL
_jC-51738
_bR.81994
999 _c47419
_d47419